000 00671nam a2200289Ia 4500
005 20260324115634.0
008 008 260324s9999 xx 000 0 eng d
020 _a9781351248518
037 _aEBOOK
040 _aCRL
040 _beng
040 _cCRL
041 _2eng
041 _aeng
084 _qCRL
100 _aStephen Mundwiller
_91155440
245 0 _aStatistical Process Control
245 2 _bA Pragmatic Approach
260 _bTaylor and Francis
260 _c2017
365 _a
365 _b225
856 _uhttp://www.taylorfrancis.com/books/9781351248518
942 _cEBOOK
999 _c1746462
_d1746462